Peder Victorious : a tale of the pioneers twenty years later /

Bibliographic Details
Main Author: Rølvaag, O. E. (Ole Edvart), 1876-1931
Other Authors: Solum, Nora Olava
Format: Book
Language:English
Norwegian
Published: New York : Harper & Row, [1966] [publisher not identified] ; [date of publication not identified]
Series:A Perennial classic

MARC

Tag First Indicator Second Indicator Subfields
LEADER 00000cam a2200000 4500
001 in00000021905
005 20151007063803.0
008 760420s1966 nyu b 00000 eng u
010 |a  66018853  
035 |a (OCoLC)02125780 
035 |9 AAD8246AM 
040 |c ZOW  |d TXA  |d UtOrBLW 
041 1 |a eng  |a nor 
049 |a TXAM  |c [473875] 
050 0 |a PZ3.R6275  |b Pe8 
090 |a PT9150.R55  |b P33 1966 
092 |a 839.823  |b R755p, 1966 
100 1 |a Rølvaag, O. E.  |q (Ole Edvart),  |d 1876-1931. 
240 1 0 |a Peder Seier.  |l English 
245 1 0 |a Peder Victorious :  |b a tale of the pioneers twenty years later /  |c by O. E. Rolvaag ; translated from the Norwegian by Nora O. Solum & the author ; with an introduction by Gudrun Hovde Gvale, translated from the Norwegian & adapted by Einar Haugen. 
264 1 |a New York : Harper & Row, [1966]  |b [publisher not identified] ;  |c [date of publication not identified] 
300 |a xix, 330 pages ;  |c 18 cm. 
336 |a text  |b txt  |2 rdacontent 
337 |a unmediated  |b n  |2 rdamedia 
338 |a volume  |b nc  |2 rdacarrier 
490 0 |a A Perennial classic 
500 |a Carries on the theme of the author's Giants in the earth. 
504 |a Bibliography: pages 327-330. 
700 1 |a Solum, Nora Olava. 
999 |a MARS 
999 f f |s 2f2296e7-f6f4-30c3-a33c-b9ac9f167b0d  |i 1129a619-b777-36ca-a1da-fc7f2118e8b3  |t 0 
952 f f |p normal  |a Texas A&M University  |b College Station  |c Sterling C. Evans Library  |d Evans: Library Stacks  |t 0  |e PT9150.R55 P33 1966  |h Library of Congress classification  |i unmediated -- volume  |m A14801361472 
998 f f |a PT9150.R55 P33 1966  |t 0  |l Evans: Library Stacks